000 00762nam a2200265Ia 4500
003 OSt
005 20220918164328.0
006 a|||||r|||| 00| 0
007 ta
008 220917b |||||||| |||| 00| 0 eng d
020 _a0521526587 (pbk)
024 _a46,223
037 _cTextual
040 _aARTS
_cARTS
_beng
041 _2eng
_aeng
082 _aO:g(Y15), N8
100 _aYegenoglu Meyda
_918342
245 0 _aColonial fantasies
_b toweards a feminist reading of orientalism
260 _aCambridge
_bCUP
_c1998
300 _ax,182p.
_ccm.
490 _aCambridge cultural social studies
650 _aENGLISH LITERATURE; FEMINISM
_918343
942 _hO:g(Y15), N8
_cTEXL
_2CC
999 _c124273
_d124273